000 00699nam a2200229Ia 4500
001 8806
003 GE_BSU
008 181216s||||||||xx |||||||||||||| ||und||
040 _cGE_BSU
080 _a821.353.1-31
100 _aკალანდაძე,ალექსანდრე
245 _aმაკიზარებთან
245 _bრომანი
245 _cრედ:გრ.ჩიქოვანი;მხატვ:ზ.რაზმაძე
260 _aთბილისი.
260 _bმერანი.
260 _c1969.
300 _a573გვ;21სმ
653 _aმაკიზარებთან
653 _aრომანი.
942 _cBK
999 _c42115
_d42115